000 00890cam a22002411 4500
001 he 65000614
003 DLC
005 20260227111430.0
008 850306s1964 is abc 000 0 heb
010 _ahe 65000614
035 _a(OCoLC)19202214
040 _aDLC
_cMH
_dCU
_dDLC
050 0 0 _aDS118
_b.I6515
245 0 0 _aToldot ha-Yehudim /
_cYoshve rosh moʻetset ha-maʻarekhet, Binyamin Mazar, Mosheh Daiṿis [ṿe-]Ḥ. H. Ben-Śaśon.
260 _aJerusalem :
_bha-Makhon le-hotsaʼah le-or be-Yiśraʼel,
_c[1964]
300 _a406 p. :
_bill. (part col.) maps, ports. ;
_c29 cm.
500 _aAmerican edition has title: The illustrated history of the Jews.
650 0 _aJews
_xHistory
_vPictorial works.
700 1 _aMazar, Benjamin,
_d1906-1995.
700 1 _aDavis, Moshe.
700 1 _aBen-Sasson, Haim Hillel,
_d1914-1977.
740 0 _aIllustrated history of the Jews.
999 _c31075
_d31075